Nontariff distortions of trade : A statement on national policy

Uloženo v:
Podrobná bibliografie
Médium: Kniha
Jazyk:Undetermined
Vydáno: New York Committee for Economic Development. 1969
Témata:
Tagy: Přidat tag
Žádné tagy, Buďte první, kdo otaguje tento záznam!
Thư viện lưu trữ: Trung tâm Học liệu Trường Đại học Cần Thơ
LEADER 00509nam a2200169Ia 4500
001 CTU_81383
008 210402s9999 xx 000 0 und d
082 |a 382 
082 |b N814 
245 0 |a Nontariff distortions of trade : 
245 2 |b A statement on national policy 
260 |a New York 
260 |b Committee for Economic Development. 
260 |c 1969 
650 |a Commercial policy,Non-tariff trade barriers 
904 |i Trọng Hải 
980 |a Trung tâm Học liệu Trường Đại học Cần Thơ